000 01258nam a2200253Ia 4500
003 Ost
005 20260416102353.0
008 260416s9999||||xx |||||||||||||| ||und||
040 _cfsecg
041 _aara
082 _a338.5
100 _aرزاي، سعاد
_eمؤلف
245 0 _aالإقتصاد الجزئي :
_bدروس وتمارين /
_c سعاد رزاي
260 _aالجزائر
_bجامعة الجزائر3: كلية العلوم الإقتصادية، العلوم التجارية وعلوم التسيير
_c2018
300 _a136 ورقة
_bايضاحات
_c30 سم
504 _aمراجع ص.135
520 _aمفاهيم عامة حول الاقتصاد والمشكلة الاقتصادية، الطلب العرض والتوازن، تحليل سلوك المستهلك، نظريات الانتاج التكاليف والايرادات، التوازن في الأسواق.
653 _aالاقصاد الجزئي
653 _aالانتاج
653 _aالعرض والطلب
653 _aالمشاكل الاقتصادية
710 _aجامعة الجزائر3: كلية العلوم الإقتصادية، العلوم التجارية وعلوم التسيير
_eناشر علمي
942 _cHANDOUT
999 _c41093
_d41093